Conflict in the holy land : (Record no. 5506)

MARC details
000 -LEADER
fixed length control field 01868nam a22003137a 4500
003 - CONTROL NUMBER IDENTIFIER
control field OSt
005 - DATE AND TIME OF LATEST TRANSACTION
control field 20260204164330.0
007 - PHYSICAL DESCRIPTION FIXED FIELD--GENERAL INFORMATION
fixed length control field a
008 - FIXED-LENGTH DATA ELEMENTS--GENERAL INFORMATION
fixed length control field 260129b |||||||| |||| 00| 0 eng d
020 ## - INTERNATIONAL STANDARD BOOK NUMBER
International Standard Book Number 9798765140116
040 ## - CATALOGING SOURCE
Original cataloging agency Foundation University
Language of cataloging eng
Transcribing agency Foundation University
Modifying agency FULib
Description conventions rda
050 ## - LIBRARY OF CONGRESS CALL NUMBER
Classification number DS 119.7
Item number .2025 C66
245 00 - TITLE STATEMENT
Title Conflict in the holy land :
Remainder of title from ancient times to the Arab-Israeli conflicts /
Statement of responsibility, etc. Robert C. DiPrizio , editor.
260 ## - PUBLICATION, DISTRIBUTION, ETC.
Place of publication, distribution, etc. California :
Name of publisher, distributor, etc. Bloomsbury Publishing Inc.,
Date of publication, distribution, etc. 2025.
264 ## - PRODUCTION, PUBLICATION, DISTRIBUTION, MANUFACTURE, AND COPYRIGHT NOTICE
Copyright Date 2025.
300 ## - PHYSICAL DESCRIPTION
Materials specified resource
Extent xlvii, 373 pages :
Other physical details illustrations ;
Dimensions 25 cm.
Type of unit volume
336 ## - CONTENT TYPE
Source rdacontent
Content type term text
Content type code txt
337 ## - MEDIA TYPE
Source rdamedia
Media type term unmediated
Media type code n
338 ## - CARRIER TYPE
Source rdacarrier
Materials specified resource
Carrier type term volume
Carrier type code nc
504 ## - BIBLIOGRAPHY, ETC. NOTE
Bibliography, etc. note Includes bibliographical references and index.
520 ## - ABSTRACT, SUMMARY, ETC.
Abstract, Summary, etc. The Holy Land. Israel. Palestine. No place on Earth evinces as much emotions, or has seen as much conflict, as this tiny sliver of land between the Jordan river and Mediterranean Sea. Revered by Jews, Christians, and Muslims, and fought over for millennia, it remains the epicenter of one of the world's most vexing and enduring conflicts. This encyclopedia surveys the record of violence across the Holy Land from ancient times to the ongoing Arab-Israeli conflicts. -- Part of the introduction.
650 ## - SUBJECT ADDED ENTRY--TOPICAL TERM
Source of heading or term LC
Topical term or geographic name entry element Arab-Israeli conflict
Form subdivision Encyclopedias.
9 (RLIN) 14506
650 ## - SUBJECT ADDED ENTRY--TOPICAL TERM
Source of heading or term LC
Topical term or geographic name entry element Jewish-Arab relations
Form subdivision Encyclopedias.
9 (RLIN) 14507
650 ## - SUBJECT ADDED ENTRY--TOPICAL TERM
Source of heading or term LC
Topical term or geographic name entry element Ethnic relations
Form subdivision Encyclopedias.
9 (RLIN) 14508
Geographic subdivision Israel
658 ## - INDEX TERM--CURRICULUM OBJECTIVE
Main curriculum objective Political science, Master of Arts in :
Subordinate curriculum objective West Asian Politics ;
Curriculum code POL332
700 ## - ADDED ENTRY--PERSONAL NAME
Personal name DiPrizio, Robert C.,
Dates associated with a name 1968-
Relator term editor
9 (RLIN) 14509
856 ## - ELECTRONIC LOCATION AND ACCESS
Uniform Resource Identifier <a href="https://drive.google.com/file/d/1LkO9i_-2fChAv45UlLAdHEbb1ZMtk-bN/view?usp=sharing">https://drive.google.com/file/d/1LkO9i_-2fChAv45UlLAdHEbb1ZMtk-bN/view?usp=sharing</a>
Link text Click here to view the table of content
942 ## - ADDED ENTRY ELEMENTS (KOHA)
Source of classification or shelving scheme Library of Congress Classification
Koha item type Books
Classification part DS 119.7
Item part .2025 C66
Call number prefix (CAS-PS)
Suppress in OPAC No
Holdings
Uniform Resource Identifier Withdrawn status Lost status Source of classification or shelving scheme Damaged status Not for loan Collection code Home library Current library Shelving location Date acquired Source of acquisition Total Checkouts Full call number Barcode Date last seen Price effective from Koha item type Accession Number
https://drive.google.com/file/d/1LkO9i_-2fChAv45UlLAdHEbb1ZMtk-bN/view?usp=sharing     Library of Congress Classification   Room Use Only Non-fiction Foundation University Library Foundation University Library CoArts & Sciences 01/29/2026 QT   (CAS-PS) DS 119.7 .2025 C66 0072026015014 01/29/2026 01/29/2026 Books CAS-PS-2026014
https://drive.google.com/file/d/1LkO9i_-2fChAv45UlLAdHEbb1ZMtk-bN/view?usp=sharing     Library of Congress Classification     Non-fiction Foundation University Library Foundation University Library CoArts & Sciences 01/29/2026 QT   (CAS-PS) DS 119.7 .2025 C66 c2 0072026015015 01/29/2026 01/29/2026 Books CAS-PS-2026015